Phương pháp phần tử hữu hạn trong chất lỏng : Chuyên khảo

Cơ sở lý luận và tính toán theo phương pháp phân tử hữu hạn. Áp dụng phương pháp phần tử hữu hạn để giải các bài toán tong cơ học chất lỏng

Gorde:
Xehetasun bibliografikoak
Egile nagusia: Nguyễn, Thế Hùng
Formatua: Liburua
Hizkuntza:Undetermined
Argitaratua: Hà Nội Xây dựng 2004
Gaiak:
Etiketak: Etiketa erantsi
Etiketarik gabe, Izan zaitez lehena erregistro honi etiketa jartzen!
Thư viện lưu trữ: Trung tâm Học liệu Trường Đại học Cần Thơ
LEADER 00877nam a2200217Ia 4500
001 CTU_101470
008 210402s9999 xx 000 0 und d
020 |c 36000 
082 |a 620.106 
082 |b H513 
100 |a Nguyễn, Thế Hùng 
245 0 |a Phương pháp phần tử hữu hạn trong chất lỏng : 
245 0 |b Chuyên khảo 
245 0 |c Nguyễn Thế Hùng 
260 |a Hà Nội 
260 |b Xây dựng 
260 |c 2004 
520 |a Cơ sở lý luận và tính toán theo phương pháp phân tử hữu hạn. Áp dụng phương pháp phần tử hữu hạn để giải các bài toán tong cơ học chất lỏng 
650 |a Finite element method,Engineerinmg mathematics,Fluid mechanics 
904 |i Minh 
980 |a Trung tâm Học liệu Trường Đại học Cần Thơ